01018nam a22002415i 4500001000700000003000900007005001700016008004100033080002400074100002800098245004200126260008300168300007500251490005800326500001400384504002700398546008000425600002900505830006600534852003500600999001900635952012200654177719ES-MaACL20230906220409.0110414s1948 be f |||| | fre d a75 Heintz , Richard1 aBosmant, Jules.914618510aRichard Heintz / cpar Jules Bosmant. aAnvers : bDe Sikkel, pour le Ministere de l'Instruction Publique,ccop. 1948. a13, [24] p. de lám. bl. y n. , [2] h. de lám. col. y n. ; c25 cm.1 aMonographies de l'art belge. Deuxième Série ; v4 aÍndice. aBibliografía: p. 11. aTexto en francés, leyenda de las ilustraciones en francés y holandés.14aHeintz, Richard.91461860 aMonographies de l'art belge. Deuxième Série ; v49190568 aES-MaACLjE-14909 xOlim P-972 c177719d177719 00104070aATENEOMbATENEOMcDEPO2d2011-04-14eSCl0oE-14909p1186670r2023-02-23 00:00:00w2023-02-23yMONOGRAFIA